| 000 | 01295cam a2200325 a 4500 | ||
|---|---|---|---|
| 001 | 729382 | ||
| 005 | 20170105102424.0 | ||
| 008 | 980729s1998 caua 001 0 eng d | ||
| 010 | _a 98070258 | ||
| 020 |
_a0764531859 (pbk.) : _c$49.99 |
||
| 035 | _a(OCoLC)39453907 | ||
| 040 |
_aIaCr _cIaCr _dDLC |
||
| 042 | _alccopycat | ||
| 050 | 0 | 0 |
_aQA76.76.O63 _bL44727 1998 |
| 082 | 0 | 0 |
_a005.4/469 _221 |
| 100 | 1 | _aLeinecker, Richard C. | |
| 245 | 1 | 0 |
_aWindows 98 programming bible _cRichard C. Leinecker, Tom Archer ; with contributions by Clayton Walnum, Kevin Smith. |
| 260 |
_aFoster City, CA : _bIDG Books Worldwide, _cc1998. |
||
| 300 |
_axxix, 1011 p. : _bill. ; _c24 cm. + _e1 computer laser optical disc (4 3/4 in.) |
||
| 500 | _aIncludes index. | ||
| 538 | _aSystem requirements for the accompanying computer disc: Windows 95 or Windows 98, IBM-compatible PC, minimum 16MB, and CD-ROM drive. | ||
| 630 | 0 | 0 | _aMicrosoft Windows (Computer file) |
| 650 | 0 | _aOperating systems (Computers) | |
| 700 | 1 |
_aArcher, Tom, _d1964- |
|
| 700 | 1 | _aWalnum, Clayton. | |
| 700 | 1 |
_aSmith, Kevin, _d1968- |
|
| 906 |
_a7 _bcbc _ccopycat _d2 _eopcn _f19 _gy-gencatlg |
||
| 942 |
_2ddc _cBK |
||
| 999 |
_c13595 _d13595 |
||